Software composition for customer relationship management system using web services /
Saved in:
| Main Author: | |
|---|---|
| Format: | Thesis Book |
| Language: | English |
| Published: |
2011.
|
| Subjects: | |
| Tags: |
Add Tag
No Tags, Be the first to tag this record!
|
| LEADER | 00997cam a2200253 a 4500 | ||
|---|---|---|---|
| 001 | u846843 | ||
| 003 | SIRSI | ||
| 005 | 201112161123 | ||
| 008 | 111216s2011 my a t 000 0 eng m | ||
| 040 | |a UMM | ||
| 090 | |a QA76 |b UM 2011 Lai | ||
| 100 | 1 | |a Lai, Seng Yew. | |
| 245 | 1 | 0 | |a Software composition for customer relationship management system using web services / |c Lai Seng Yew. |
| 260 | |c 2011. | ||
| 300 | |a [2] xiv, 169 leaves : |b ill. ; |c 30 cm. | ||
| 502 | |a Dissertation (M.Comp.Sc.) -- Fakulti Sains Komputer dan Teknologi Maklumat, Universiti Malaya, 2011. | ||
| 504 | |a Bibliography: leaves 165-169. | ||
| 650 | 0 | |a Service-oriented architecture (Computer science). | |
| 650 | 0 | |a Customer relations |x Management |x Data processing. | |
| 650 | 0 | |a Web services |x Design. | |
| 710 | 2 | |a Universiti Malaya. |b Fakulti Sains Komputer dan Teknologi Maklumat. | |
| 900 | |a NHS-ZA | ||
| 596 | |a 1 | ||
| 999 | |a QA76 UM 2011 LAI |w LC |c 1 |i A514958657 |d 2/4/2012 |f 2/4/2012 |g 1 |l STACKS |m P01UTAMA |r Y |s Y |t TESIS |u 29/3/2012 | ||
